EU a její politika v oblasti infrastruktury
Pojem infraštruktúra v európskej terminológii. Životne dôležité odvetvia infraštruktúry. Porovnanie odvetví kritickej infraštruktúry podľa EÚ, európskych a zámorských štátov.
Uložené v:
| Hlavný autor: | |
|---|---|
| Médium: | Kapitola |
| Jazyk: | Czech |
| Predmet: | |
| Tagy: |
Žiadne tagy, Buďte prvý, kto otaguje tento záznam!
|
MARC
| LEADER | 00000naa a2200000 4500 | ||
|---|---|---|---|
| 001 | 0197608 | ||
| 005 | 20220713131050.3 | ||
| 041 | 0 | |a cze | |
| 044 | |a CZ | ||
| 245 | 1 | 0 | |a EU a její politika v oblasti infrastruktury |c Helena Hanzlíková |
| 520 | |a Pojem infraštruktúra v európskej terminológii. Životne dôležité odvetvia infraštruktúry. Porovnanie odvetví kritickej infraštruktúry podľa EÚ, európskych a zámorských štátov. | ||
| 610 | 2 | 0 | |a Európska únia |
| 610 | 2 | 0 | |a infraštruktúra |
| 610 | 2 | 0 | |a pojmy |
| 610 | 2 | 0 | |a legislatíva |
| 100 | 1 | |a Hanzlíková, Helena | |